| 000 | nam a22 7a 4500 | ||
|---|---|---|---|
| 999 |
_c4869 _d235373 |
||
| 020 | _a9789873620225 | ||
| 080 | _a343.1 All 95 | ||
| 100 | _aAlliaud, Alejandra M. | ||
| 245 | _aAudiencias Preliminares al Juicio oral | ||
| 260 |
_aCiudad Autónoma de Buenos Aires _bDidot _c2016 |
||
| 300 |
_a250 P. _c15 X 21 Cm. |
||
| 490 | _aLitigación y Enjuiciamiento penal adversarial | ||
| 650 |
_xderecho procesal penal _xproceso penal _xteoria del caso _xaudiencias _xaudiencias preliminares |
||
| 945 |
_acd _d2018-10-09 |
||
| 942 | _6_ | ||